Statistics for England - The Quiz

Click here to take the quiz!

General Stats

  • This quiz has been taken 836 times
    (381 since last reset)
  • The average score is 10 of 30

Answer Stats

HintAnswer% Correct
What colours make up the English flag?White and Red
96%
What is the national anthem of England?God Save The Queen
90%
What is the currency of England?Pound Sterlings
83%
England shares its border with what two countries?Scotland and Wales
77%
What are bangers?Sausages
73%
In 2016, who was third in line to the throne of the United Kingdom?Prince George Alexander Louis
62%
There is nowhere in Britain that is more than 74.5 miles from the sea. True or False?True
50%
How many times has London hosted the Olympics?3 times
47%
Where was William Shakespeare born?Stratford-Upon-Avon
47%
An Englishman drinks more what than any person of any other nation?Tea
47%
What does BBC stand for?British Broadcasting Corporation
46%
Which sea lies north-west of England?Irish Sea
42%
What was the official language of England between 1066-1362?French
39%
What does Big Ben refer to?The Bell
37%
What is the estimated population of England?60 million
31%
What colour is the Northern line on the London Underground map?Black
26%
Which side of the road do the English drive on?Left
22%
Which former King had 6 wives?Henry VIII
21%
What is the international calling code for England?+44
20%
Wimbledon plays host to which sport?Tennis
19%
The first hot chocolate store opened where?London
17%
What year did England win the FIFA World Cup?1966
14%
England has the highest rate of what in Europe?Obesity
7%
Where is Sir Issac Newton buried?Westminster Abbey
5%
Which author wrote Northanger Abbey?Jane Austen
3%
How many times smaller is the UK compared to the USA?74 times
2%
The shortest war against England was with who?Zanzibar
1%
David Beckham has a fear of what?Birds
0%
16% of what are located in London?Restaurants
0%
What was the official song of the 2012 Olympics?Survival by Muse
0%

Score Distribution

Percentile by Number Answered

Percent of People with Each Score

Your Score History

You have not taken this quiz since the last reset